<?xml version="1.0" encoding="UTF-8"?>
<marc:record xmlns:marc="http://www.loc.gov/MARC21/slim">
   <marc:leader>00000nam a2200000 a 4500</marc:leader>
   <marc:datafield ind1="1" ind2=" " tag="100">
      <marc:subfield code="a">Gyrðir Elíasson</marc:subfield>
      <marc:subfield code="4">aut</marc:subfield>
      <marc:subfield code="e">Verfasser/-in</marc:subfield>
   </marc:datafield>
   <marc:datafield ind1="1" ind2=" " tag="100">
      <marc:subfield code="a">Wahl, Betty</marc:subfield>
      <marc:subfield code="4">trl</marc:subfield>
      <marc:subfield code="e">Übersetzer/-in</marc:subfield>
   </marc:datafield>
   <marc:datafield ind1="1" ind2=" " tag="100">
      <marc:subfield code="a">Jurt, Laura</marc:subfield>
      <marc:subfield code="4">ill</marc:subfield>
      <marc:subfield code="e">Illustrator/-in</marc:subfield>
   </marc:datafield>
   <marc:datafield ind1="1" ind2=" " tag="100">
      <marc:subfield code="a">Gyrðir Elíasson</marc:subfield>
   </marc:datafield>
   <marc:datafield ind1="0" ind2="0" tag="245">
      <marc:subfield code="a">Am Sandfluss</marc:subfield>
   </marc:datafield>
   <marc:datafield ind1="0" ind2="0" tag="245">
      <marc:subfield code="b">Pastoralsonate</marc:subfield>
   </marc:datafield>
   <marc:datafield ind1="0" ind2="0" tag="245">
      <marc:subfield code="c">Gyrðir Elíasson. Aus dem Isländ. von Betty Wahl. Ill. von Laura Jurt</marc:subfield>
   </marc:datafield>
   <marc:datafield ind1=" " ind2="1" tag="264">
      <marc:subfield code="a">Zürich</marc:subfield>
      <marc:subfield code="b">Walde + Graf</marc:subfield>
      <marc:subfield code="c">2011</marc:subfield>
   </marc:datafield>
   <marc:datafield ind1="1" ind2=" " tag="520">
      <marc:subfield code="a">Angaben aus der Verlagsmeldung

Am Sandfluss / von Gyrðir Elíasson

Gyr∂ir Elíassons neues Buch handelt vordergründig von einem geschiedenen Mann, der in seinem Wohnwagen auf einem Campingplatz in der isländischen Wildnis lebt. Das Sonderbare daran ist, dass die Umgebung reichlich mit Wald bewachsen ist, was auf Island eher selten vorkommt. Er hat wenig Kontakt zu anderen Zeltgästen und beschäftigt sich intensiv damit, Bäume zu malen.
Aber lassen Sie sich nicht täuschen, denn Gyr∂ir Elíassons neues Buch ist ein schlichtes Meisterwerk, das von der Natur und darüber hinaus vom Menschen in der Natur handelt. Es handelt von seinen letzten Tagen und vom Tag des jüngsten Gerichts. " Im Takt mit dem Tod, der über den Wassern des Buches schwebt", ist sein Roman eine stille Messe für den Menschen, die Natur und die Kunst.
</marc:subfield>
   </marc:datafield>
   <marc:datafield ind1=" " ind2=" " tag="020">
      <marc:subfield code="a">9783037740200</marc:subfield>
      <marc:subfield code="9">9783037740200</marc:subfield>
   </marc:datafield>
   <marc:datafield ind1=" " ind2=" " tag="041">
      <marc:subfield code="a">ger</marc:subfield>
   </marc:datafield>
   <marc:datafield ind1=" " ind2=" " tag="300">
      <marc:subfield code="a">137 S.</marc:subfield>
   </marc:datafield>
</marc:record>
